00878nam a22002177a 450000500170000000800410001702000150005805000200007310000190009324501560011225000110026826000590027930000280033850000880036650400380045465000340049265000460052665100270057270000320059970000290063120161109141325.0161109b sp ||||| |||| 00| 0 spa d a840160694204aF1219bP74 19861 aPrem, Hanns J.13aEl antiguo México :bhistoria y cultura de los pueblos mesoamericanos /cHanns J. Prem, Ursula Dyckerhoff ; colaboración Thomas Forster...[et al.]. a1a ed. aBarcelona, España :bPlaza & Janés Editores,c1986 a420 p. :bil. ;c32 cm. aTraducción de : Das alte Mexiko : Geschichte und Kultur der Völker Mesoamerikas aIncluye bibliografía e índice 4aArte indiozAmérica central 4aIndios de América centralxAntiguedades 4aMéxicoxAntiguedades1 aDyckerhoff, Ursula,ecoaut.1 aForster, Thomas,ecolab.